Basic operational amplifiers and linear integrated circuits (Record no. 10270)
[ view plain ]
| 000 -LEADER | |
|---|---|
| fixed length control field | 00550 a2200181 4500 |
| 020 ## - INTERNATIONAL STANDARD BOOK NUMBER | |
| International Standard Book Number | 0130829870 |
| 040 ## - CATALOGING SOURCE | |
| Original cataloging agency | DLC |
| Language of cataloging | DLC |
| 100 1# - MAIN ENTRY--PERSONAL NAME | |
| Personal name | Floyd, Thomas L. |
| 245 10 - TITLE STATEMENT | |
| Title | Basic operational amplifiers and linear integrated circuits |
| Statement of responsibility, etc. | Thomas L. Floyd, David Buchla. |
| 250 ## - EDITION STATEMENT | |
| Edition statement | 2nd ed. |
| 260 ## - PUBLICATION, DISTRIBUTION, ETC. | |
| Place of publication, distribution, etc. | Upper Saddler River, NJ : |
| Name of publisher, distributor, etc. | Prentice Hall, |
| Date of publication, distribution, etc. | 1999. |
| 300 ## - PHYSICAL DESCRIPTION | |
| Extent | 593 p. : |
| Other physical details | ill. |
| 500 ## - GENERAL NOTE | |
| General note | Includes index. |
| 650 #0 - SUBJECT ADDED ENTRY--TOPICAL TERM | |
| Topical term or geographic name entry element | Operational amplifiers. |
| 650 #0 - SUBJECT ADDED ENTRY--TOPICAL TERM | |
| Topical term or geographic name entry element | Linear integrated circuits. |
| 700 1# - ADDED ENTRY--PERSONAL NAME | |
| Personal name | Buchla, David. |
| 942 ## - ADDED ENTRY ELEMENTS (KOHA) | |
| Koha item type | Book |
| Call number prefix | 621.395 FLO |
| Source of classification or shelving scheme | |
| Withdrawn status | Lost status | Damaged status | Not for loan | Collection code | Permanent Location | Current Location | Shelving location | Date acquired | Source of acquisition | Cost, normal purchase price | Total Checkouts | Full call number | Barcode | Date last seen | Price effective from | Koha item type | Date last checked out |
|---|---|---|---|---|---|---|---|---|---|---|---|---|---|---|---|---|---|
| Central Library (CL) | Central Library (CL) | General Stacks | 09/17/2010 | Progressive International Agencies | 9754.82 | 621.395 FLO | SEECS010169 | 11/14/2012 | 01/05/2017 | Book | |||||||
| Central Library (CL) | Central Library (CL) | General Stacks | 09/17/2010 | Progressive International Agencies | 9754.82 | 1 | 621.395 FLO | SEECS010172 | 04/22/2014 | 01/05/2017 | Book | 01/21/2014 | |||||
| Central Library (CL) | Central Library (CL) | General Stacks | 09/17/2010 | Progressive International Agencies | 9754.82 | 621.395 FLO | SEECS010171 | 11/14/2012 | 01/05/2017 | Book | |||||||
| Central Library (CL) | Central Library (CL) | General Stacks | 09/17/2010 | Progressive International Agencies | 9754.82 | 621.395 FLO | SEECS010170 | 11/14/2012 | 01/05/2017 | Book | |||||||
| Central Library (CL) | Central Library (CL) | General Stacks | 09/17/2010 | Progressive International Agencies | 9754.82 | 621.395 FLO | SEECS010173 | 11/14/2012 | 01/05/2017 | Book |
